Colonial desire: hybridity in theory, culture and race (Record no. 391572)

000 -LEADER
fixed length control field 00406cam a22001457a 4500
008 - FIXED-LENGTH DATA ELEMENTS--GENERAL INFORMATION
fixed length control field 180718b1995 xxu||||| |||| 00| 0 eng d
020 ## - INTERNATIONAL STANDARD BOOK NUMBER
International Standard Book Number 0415053749
082 ## - DEWEY DECIMAL CLASSIFICATION NUMBER
Classification number B1241 Y84
100 ## - MAIN ENTRY--PERSONAL NAME
Personal name Young, Robert J.C.
245 ## - TITLE STATEMENT
Title Colonial desire: hybridity in theory, culture and race
Statement of responsibility, etc. by Robert J.C. Young
260 ## - PUBLICATION, DISTRIBUTION, ETC.
Place of publication, distribution, etc. London
Name of publisher, distributor, etc. Routledge
Date of publication, distribution, etc. 1995
300 ## - PHYSICAL DESCRIPTION
Extent 236p.
650 ## - SUBJECT ADDED ENTRY--TOPICAL TERM
Topical term or geographic name entry element Culture
650 ## - SUBJECT ADDED ENTRY--TOPICAL TERM
Topical term or geographic name entry element Miscegenation
Holdings
Withdrawn status Lost status Damaged status Not for loan Permanent Location Current Location Date acquired Full call number Barcode Date last seen Price effective from Koha item type
        Indian Institute of Public Administration Indian Institute of Public Administration 2000-03-25 B1241 Y84 75057 2018-07-21 2018-07-21 Book

Powered by Koha